Η ηλεκτρονική διαχείριση ανθρώπινου δυναμικού (E-HRM) στις εταιρείες διαχείρισης δεξαμενοπλοίων : διπλωματική εργασία
Αποθηκεύτηκε σε:
| Κύριος συγγραφέας: | |
|---|---|
| Συγγραφή απο Οργανισμό/Αρχή: | |
| Άλλοι συγγραφείς: | |
| Μορφή: | Thesis Βιβλίο |
| Γλώσσα: | Greek |
| Δημοσίευση: |
2009
|
| Θέματα: | |
| Διαθέσιμο Online: | http://hdl.handle.net/11610/12870 |
| Ετικέτες: |
Προσθήκη ετικέτας
Δεν υπάρχουν, Καταχωρήστε ετικέτα πρώτοι!
|
MARC
| LEADER | 00000cam a2200000 i 4500 | ||
|---|---|---|---|
| 001 | 1/10838 | ||
| 008 | 101110s2009 gre d | ||
| 035 | |l 10109179 | ||
| 040 | |a GR-MY-UA |b gre |e aacr | ||
| 041 | 0 | |a gre | |
| 082 | 0 | |a 658.3 |2 (22) | |
| 100 | 1 | |a Τσάκαλου, Μαρκέλλα. | |
| 245 | 1 | 2 | |a Η ηλεκτρονική διαχείριση ανθρώπινου δυναμικού (E-HRM) στις εταιρείες διαχείρισης δεξαμενοπλοίων : |b διπλωματική εργασία / |c Τσάκαλου Μαρκέλλα ; επιβλέπων Θεοτοκάς Γιάννης |
| 260 | |c 2009 | ||
| 300 | |a 179 σ.; |b εικ., διαγρ.; |c 30 εκ. | ||
| 500 | |a Διευθυντής σπουδών Λίτινας Νικόλαος | ||
| 502 | # | # | |a Διατριβή (μεταπτυχιακή) – Πανεπιστήμιο Αιγαίου, Χίος, 2009. |
| 504 | |a Περιλαμβάνει βιβλιογραφία | ||
| 650 | 0 | 0 | |a Personnel management. |
| 650 | 0 | 0 | |a Tankers. |
| 650 | 0 | 0 | |a Shipping. |
| 650 | 0 | 0 | |a Dissertations, Academic |z Greece. |
| 700 | 1 | |a Θεοτοκάς, Γιάννης, |d 1965- |4 ths | |
| 710 | 1 | |a Πανεπιστήμιο Αιγαίου |b Σχολή Επιστημών της Διοίκησης |b Τμήμα Ναυτιλίας και Επιχειρηματικών Υπηρεσιών |b Πρόγραμμα Μεταπτυχιακών Σπουδών "Ναυτιλία, Μεταφορές και Διεθνές Εμπόριο - ΝΑ.Μ.Ε.". | |
| 852 | |a INST |b CHIOS |c DIATR |e 20101110 |h 658.3 ΤΣΑ |p 005200032470 |q 005200032470 |t MTXE |y 23 | ||
| 852 | |a INST |b CHIOS |c DIATR |e 20101112 |h 658.3 ΤΣΑ |p 005200032472 |q 005200032472 |t MTXE |y 23 | ||
| 856 | |u http://hdl.handle.net/11610/12870 | ||
| 901 | |a BIBL2-2010-3 | ||
| 909 | |a Χ |b 148394 | ||
| 909 | |a Χ |b 148395 | ||
| 924 | |a ΤΣΑΚΑΛΟΥ |b ΜΑΡΚΕΛΛΑ |y ΧΙΟΣ |z 2009-11 | ||
| 970 | |a ΠΑΡΟΙΚΑΚΗ |b ΒΑΣΙΛΙΚΗ |z 2010/11/10 | ||